[Event "IECC CL7-2001.03"]
[Site "IECC email"]
[Date "2001.01.16"]
[Round "?"]
[White "Dockery, Donovan"]
[Black "Olmeda, Pablo"]
[Result "0-1"]
[WhiteElo "981"]
[BlackElo "1000"]
[PlyCount "45"]
[EventDate "2001.??.??"]
[EventType "tourn (corr)"]
[EventRounds "4"]
[SourceTitle "Corr 2008"]
[Source "ChessBase"]
[SourceDate "2008.06.24"]
[SourceVersion "1"]
[SourceVersionDate "2008.06.24"]
[SourceQuality "1"]

1. c4 Nf6 2. Nc3 g6 3. d4 d5 4. cxd5 Nxd5 5. Nxd5 Qxd5 6. Nf3 Bg7 7. e3 0-0 8. Be2 c5 9. 0-0 Nc6 10. Bb5 Bg4 11. Be2 Rfd8 12. h3 Be6 13. b3 cxd4 14. exd4 Nxd4 15. Bb2 Nxf3+ 16. Bxf3 Qxd1 17. Bxd1 Bxb2 18. Rb1 Rd2 19. Bf3 Bf6 20. a4 Rc8 21. Rfd1 Rxd1+ 22. Bxd1 Bf5 23. Ra1 0-1